000 01361cam a2200373 i 4500
001 68880
003 Mx-PuUPA
005 20260428110135.0
008 250822s2010 mx a|||dr|||| 00| 0 spa d
020 _a9786074716658
020 _a9789687791760
_qde la colección El Barco de Vapor
040 _aMx-PuUPA
_bspa
_cMx-PuUPA
_dMx-PuUPA
_erda
041 0 _aspa
100 1 _aQuezadas, Juan Carlos,
_d1970-
_913423
_eautor
245 1 0 _aCiudad equis 1985 /
_cJuan Carlos Quezadas ; ilustraciones de Juan Antonio Sánchez Rull
250 _aPrimera edición
264 1 _aCiudad de México :
_bSM de Ediciones,
_c2010
300 _a47 páginas :
_bilustraciones (en blanco y negro) ;
_c19 cm
336 _2rdacontent
_atexto
_btxt
337 _2rdamedia
_asin medio
_bn
338 _2rdacarrier
_avolumen
_bnc
490 1 _aEl barco de vapor. Roja ;
_v49 M
500 _aReimpresiones: (Cuarta, 2017).
521 1 _aA partir de 12 años.
650 7 _2armarc
_aDesastres naturales
_xLiteratura infantil
650 7 _2armarc
_aNovelistas
_xAnécdotas
650 7 _2armarc
_aLiteratura infantil
700 1 _aSánchez Rull, Juan Antonio,
_eilustrador
830 3 _aEl barco de vapor
_pRoja
_v49 M
942 _2ddc
_cLI
_h863
_iB2649
999 _c68880
_d68880